000 00372pam a2200145a 44500
008 230405s2017 xxu||||| |||| 00| 0 eng d
041 _aENG
100 _aManser M H
245 _aCHAMBERS THESAURUS
250 _a1998 Ed.
260 _aNEWDELHI
_bALLIED CHAMBERS
_c2017
300 _a1077p.
440 _aUNIVERSAL BOOK STOLL,PUNE, B-141, DT-16/09/2003
906 _a473
999 _c289351
_d289351